000 nam a22 4500
999 _c8913
_d8913
008 180317b ||||| |||| 00| 0 eng d
100 _926919
_aPerez, Ace June Rell S.
245 _aEntrep gab for students set, July 9-10/
_cAce June Rell S. Perez
260 _aDavao City
_bSun Star Davao
_cc2016
300 _apage 10.
650 0 _926920
_aEntrepreneurship.
942 _2ddc
_cPER